National Anthem of Lebanon - "Kullunā lil-Waṭan (كُلُّنَا لِلْوَطَنِ)" - Statistics

General Stats
  • This quiz has been taken 9 times
  • The average score is 11 of 24
Answer Stats
Answer % Correct
Kullunā
100%
li-l-waṭan,
100%
li-l-'alam,
71%
li-l-'ulā
71%
Kullunā
57%
kullunā
57%
li-l-'alam,
57%
li-l-'ulā
57%
li-l-waṭan,
57%
li-l-waṭan.
57%
sayfunā
57%
wa-l-qalam.
57%
manbitun
43%
Sahlunā
43%
wa-l-jabal,
43%
29%
l-kamāl.
29%
qawlunā
29%
sabīli
29%
wa-l-'amal
29%
'ayn
14%
iz-zaman,
14%
li-r-rijāl,
14%
mil'u
14%
No matching quizzes found
Score Distribution
Percent of People with Each Score
Percentile by Number Answered
Your Score History
You have not taken this quiz